Zlato slovenského štátu bolo dielom slovenských rúk a zahraničného obchodu

Príspevok v rubrike Diskusia. - Autor na štatistických údajoch o ťažbe, spracovaní a výrobe drahých kovov na Slovensku v r.1939-1944, na výsledkoch zbierky na zlatý poklad 1939-1940 a zahraničnom obchode Slovenska v tomto období vyvracia názory historika prof. Mlynárika na slovenský zlatý poklad a h...

Descripción completa

Guardado en:
Detalles Bibliográficos
Autor principal: Podolan, J.
Formato: Capítulo de libro
Lenguaje:eslovaco
Materias:
Etiquetas: Agregar Etiqueta
Sin Etiquetas, Sea el primero en etiquetar este registro!

MARC

LEADER 00000naa a2200000 4500
001 r014187
005 20221205080800.1
041 0 |a slo 
044 |a SK 
245 1 0 |a Zlato slovenského štátu bolo dielom slovenských rúk a zahraničného obchodu  |c J. Podolan 
520 |a Príspevok v rubrike Diskusia. - Autor na štatistických údajoch o ťažbe, spracovaní a výrobe drahých kovov na Slovensku v r.1939-1944, na výsledkoch zbierky na zlatý poklad 1939-1940 a zahraničnom obchode Slovenska v tomto období vyvracia názory historika prof. Mlynárika na slovenský zlatý poklad a hodnotu čistých aktív, ktoré Slovenské prinieslo do obnoveného Československa v r. 1945. 
610 2 0 |a Slovensko 
610 2 0 |a 1939-1944 
610 2 0 |a aktíva 
610 2 0 |a obchod zahraničný 
610 2 0 |a zlato 
100 1 |a Podolan, J.